000 01445ngm a22003970a 4500
001 PT39978
003 AR-LpoUNG
005 20210201235901.0
007 vd cvaizq
008 191001s2003||||ag |||||||||||||||||spa d
037 _c$7.65
040 _aAR-LpoUNG
_bspa
_cAR-LpoUNG
_eaacr
041 _aspa
044 _aag
082 0 _a982.065 115gue
100 1 _aLejtman, Román
_edir.
245 1 3 _aLa guerra de Malvinas
260 _aBuenos Aires :
_bGLD,
_c2003.
300 _aDVD : son., col.
520 _aEste documental es una pieza inédita e historica, porque desnuda a la última aventura militar del régimen, exibe el papel de los Estados Unidos durante el conflicto, revela los actos de heroismo de los soldados Argentinos, explica la posición de Juan Pablo II cuando llegó a Bs. As. y exibe, la caída del Proceso de Reorganización Nacional La Guerra de Malvinas es un trabajo periodístico que sirve para hacer memoria, enseñar a las nuevas generaciones y evitar, fundamentalmente, que la historia vuelva a repetirse.
650 4 _aANALISIS HISTORICO
650 4 _aARGENTINA
650 4 _aGOBIERNO MILITAR
650 4 _aGUERRA
650 4 _aHISTORIA
650 4 _aJEFES DE ESTADO
650 4 _aMALVINAS ARGENTINAS
650 4 _aVICTIMAS
651 4 _aArgentina
653 _aCINE ARGENTINO
653 _aDOCUMENTALES
653 _aDVD
653 _aVIDEOS
905 _a39978
942 _cDVD
999 _c53695
_d53695